00372nam a2200145Ia 4500003000400000005001700004008004100021040001800062041000800080100004000088110001400128245003300142260002000175710003100195OSt20260307101512.0211028s2010 xx 000 0 und d cAIMIT LIBRARY aeng aMukund C P, Jininda; Rakesh.g71732 aSuchetha. aField service intelligence / aErnakulamc2010 aeConz Technologies Pvt Ltd